Statistics for Countries with the most ships

Click here to take the quiz!

General Stats

  • This quiz has been taken 79 times
  • The average score is 9 of 10

Answer Stats

Starting LetterNo:Answer% Correct
U#6United States
99%
J#2Japan
96%
U#9United Kingdom
96%
C#3China
95%
G#7Germany
86%
G#1Greece
86%
D#10Denmark
85%
S#8South Korea
78%
N#5Norway
70%
S#4Singapore
62%

Score Distribution

Percentile by Number Answered

Percent of People with Each Score

Your Score History

You have not taken this quiz